|
|
|
|
| LEADER |
00000nam a2200000 a 4500 |
| 001 |
vtls001292738 |
| 003 |
SK-MaSNL |
| 005 |
20260302032734.0 |
| 008 |
240315s1990 US a y 0 eng |
| 020 |
|
|
|a 0853983151
|c [1000,00]
|
| 035 |
|
|
|a SNK000244486
|
| 040 |
|
|
|a SNK
|b slo
|c SNK
|e AACR2
|
| 044 |
|
|
|a US
|
| 080 |
|
|
|a 297.7:016
|2 1981
|
| 080 |
|
|
|a 297.8:016
|2 1981
|
| 100 |
1 |
|
|a Collins, William P.
|4 aut
|9 682090
|
| 245 |
1 |
|
|a Bibliography of English-language works on the Bábí and Bahá'í Faiths 1844-1985
|c by William P. Collins
|
| 260 |
|
|
|a Oxford
|b George Ronald
|c 1990
|
| 300 |
|
|
|a xxvii, 521 s.
|c 25 cm
|
| 650 |
0 |
7 |
|a baháizmus
|2 SNK
|9 1817
|
| 650 |
0 |
7 |
|a babizmus
|2 SNK
|9 1818
|
| 919 |
|
|
|a 0-85398-315-1
|
| 958 |
|
|
|a OND
|
| 999 |
|
|
|c 1058148
|d 1060078
|
| 952 |
|
|
|t P60, <04>, [BOOK], {604}
|a SNK
|b SNK
|y VYP
|7 0
|p 17A0072085
|o snkIC 126749
|i snkV 1768/97
|0 0
|1 0
|4 0
|d 1997-07-04
|l 0
|r 2005-01-02 00:00:00
|w 2026-02-24
|